000 01511cam a2200361 i 4500
999 _c64782
_d64782
001 16718639
003 CO-MdFUSB
005 20190201194104.0
008 870903s1988 pau g b 001 0 eng
010 _a 86046420
020 _a0800620453
_q(pbk.)
020 _a9780800620455
_q(pbk.)
040 _aDLC
_bspa
_cCO-MdFUSB
_dCO-MdFUSB
_dNLGGC
_dBTCTA
_dYDXCP
_dBAKER
_dITC
_dGEBAY
_dBDX
_dOCLCA
_dOCLCQ
_dOCLCA
_dOCLCF
_dOCLCQ
_dDHA
_erda
041 _aeng
082 _224
_aG 226.407
_bD187j
100 1 _aDanker, Frederick W.
_eautor
245 1 0 _aJesus and the new age
_b: A commentary on St. Luke's Gospel
_c/ Frederick W. Danker.
250 _aCompletely revised and expanded.
264 1 _aPhiladelphia :
_bFortress Press,
_c℗1988
264 4 _c©2008
300 _axx, 410 páginas ;
_c23 cm.
336 _2rdacontent.
_atexto
_btxt
337 _2rdamedia.
_asin mediación
_bn
338 _2rdacarrier.
_avolumen
_bnc
501 _aIncluye índice (páginas 409- 410)
504 _aBibliografía (páginas 405- 407)
505 _aParte uno: Comienzos 1: 5- 2:52 -- Parte dos: Juan el Bautista y Jesús 3: 1- 38 -- Parte tres: Alcance a Israel 4: 1- 9:50 -- Parte cuatro: Subimos a Jerusalén 9: 51- 19:27 -- Quinta parte: El ministerio de Jesús en Jerusalén 19: 28- 21:38 -- Sexta parte: El relato de la pasión 22- 23 -- Séptima parte: El Señor exaltado 24
600 0 7 _aJesucristo
630 0 7 _aBiblia.
_vLucas
655 7 _aCommentaries.
942 _cBK